000
00274nam a2200133Ia 4500
100
_a
CII
942
_c
BK
654
_a
business
245
_a
Business excellence and self Assessment
260
_b
CII
_c
2001
082
_a
650.13
_b
BUS
300
_a
168
546
_a
ENGLISH
999
_c
28204
_d
28204